[Event "Druga liga CS - istok"]
[Site "Pirot"]
[Date "2006.10.07"]
[Round "5.1"]
[White "Krstic, Petar"]
[Black "Dimitrijevic, Srdjan"]
[Result "0-1"]
[WhiteElo "2203"]
[BlackElo "2308"]
[PlyCount "86"]
[EventDate "2006.09.09"]

1. e4 c5 2. Nf3 Nc6 3. d4 cxd4 4. Nxd4 g6 5. Nc3 Bg7 6. Be3 Nf6 7. Bc4 O-O 8.
Bb3 d6 9. f3 Bd7 10. Qd2 Rc8 11. O-O-O Ne5 12. Kb1 Re8 13. g4 b5 14. h4 a5 15.
a3 b4 16. axb4 axb4 17. Na2 Nc4 18. Bxc4 Rxc4 19. Nb3 Qa8 20. h5 Rec8 21. Rh2
Be6 22. Nac1 Bxg4 23. fxg4 Nxg4 24. Bd4 Nxh2 25. hxg6 hxg6 26. Bxg7 Kxg7 27.
Qxh2 Qxe4 28. Rd2 e5 29. Re2 Qf5 30. Rf2 Rf4 31. Rd2 Rf1 32. Qe2 g5 33. Rxd6
Rf2 34. Qd3 Qxd3 35. Nxd3 Rf1+ 36. Nbc1 e4 37. Nxb4 e3 38. Rd5 f6 39. Rd7+ Kf8
40. Nbd3 e2 41. b4 e1=Q 42. Nxe1 Rxe1 43. Kb2 g4 0-1

[Event "Druga liga CS - istok"]
[Site "Pirot"]
[Date "2006.10.07"]
[Round "5.1"]
[White "Todorovic, Bojan"]
[Black "Puzic, Slobodan"]
[Result "1-0"]
[WhiteElo "2294"]
[BlackElo "2173"]
[PlyCount "57"]
[EventDate "2006.09.09"]

1. e4 c5 2. Nf3 Nc6 3. Bb5 g6 4. O-O Bg7 5. c3 e5 6. Na3 Nge7 7. Nc4 O-O 8. Nd6
Qc7 9. Nxc8 Raxc8 10. d3 a6 11. Ba4 b5 12. Bb3 Na5 13. Bg5 Rfe8 14. Bc2 h6 15.
Bh4 d6 16. Rc1 Nac6 17. Bb3 Na5 18. Bxe7 Rxe7 19. Bd5 Nc6 20. h4 Nd8 21. h5 Kh7
22. Nh4 Ne6 23. hxg6+ fxg6 24. Nxg6 Kxg6 25. Qg4+ Kh7 26. Bxe6 Rf8 27. Bf5+ Kh8
28. Qg6 Rf6 29. Qh7# 1-0

[Event "Druga liga CS - istok"]
[Site "Pirot"]
[Date "2006.10.07"]
[Round "5.1"]
[White "Krstic, Ranko"]
[Black "Jonic, Vladimir"]
[Result "0-1"]
[WhiteElo "2183"]
[BlackElo "2168"]
[PlyCount "108"]
[EventDate "2006.09.09"]

1. d4 Nf6 2. c4 g6 3. f3 Bg7 4. e4 d6 5. Nc3 O-O 6. Be3 Nc6 7. Nge2 a6 8. Qd2
Rb8 9. Nc1 e5 10. d5 Nd4 11. N1e2 c5 12. dxc6 bxc6 13. Nxd4 exd4 14. Bxd4 d5
15. e5 Re8 16. O-O-O Nd7 17. f4 c5 18. Bf2 d4 19. Ne4 Bh6 20. Nd6 Rxe5 21. g3
Re6 22. Nxc8 Qxc8 23. Bd3 Reb6 24. b3 Ne5 25. Kc2 a5 26. Qe2 Nc6 27. Rb1 Nb4+
28. Kd1 a4 29. Re1 axb3 30. axb3 Ra6 31. Qf3 Na2 32. Rb2 Nc3+ 33. Kc1 Ra1+ 34.
Kc2 Qa6 35. Rxa1 Qxa1 36. h4 Na2 37. Rb1 Qc3+ 38. Kd1 Nb4 39. Be4 d3 40. Rc1
Qxb3+ 41. Ke1 Re8 42. Kf1 d2 43. Rd1 Qxc4+ 44. Kg2 Qxe4 45. Qxe4 Rxe4 46. Bxc5
Bf8 47. Bxf8 Kxf8 48. Rxd2 Rc4 49. Rd7 h5 50. Rb7 Nd5 51. Rb5 Ne3+ 52. Kf3 Nf5
53. Rb8+ Kg7 54. Rb3 Nd4+ 0-1

[Event "Druga liga CS - istok"]
[Site "Pirot"]
[Date "2006.10.07"]
[Round "5.1"]
[White "Ignjatovic, Miroslav"]
[Black "Stankovic, Goran"]
[Result "1-0"]
[WhiteElo "1919"]
[BlackElo "2074"]
[PlyCount "89"]
[EventDate "2006.09.09"]

1. d4 d5 2. c4 c6 3. cxd5 cxd5 4. Nc3 Nf6 5. Bf4 a6 6. e3 e6 7. Bd3 Be7 8. Rc1
Nc6 9. g4 Bd6 10. Bxd6 Qxd6 11. g5 Ng8 12. f4 Nge7 13. Nf3 h6 14. gxh6 Rxh6 15.
Rg1 g6 16. a3 Bd7 17. Na4 Rh3 18. Nc5 Qc7 19. Kf2 Qb6 20. b4 Na7 21. Kg2 Rh5
22. a4 Rb8 23. Ne5 Bc8 24. Ng4 Nf5 25. Qe2 Ke7 26. b5 axb5 27. axb5 Rh4 28. Ne5
Qd8 29. Ra1 Ra8 30. Kh1 Rh3 31. Bxf5 exf5 32. Qg2 Rxe3 33. Nxf7 Qg8 34. Ne5 Be6
35. Qg5+ Kd6 36. Qf6 Nxb5 37. Rxa8 Qxa8 38. Qxe6+ Kc7 39. Qd7+ Kb6 40. Rxg6+
Ka5 41. Nxb7+ Kb4 42. Qe7+ Kc3 43. Qc5+ Kd2 44. Rg2+ Re2 45. Rxe2+ 1-0

[Event "Druga liga CS - istok"]
[Site "Blace"]
[Date "2006.10.07"]
[Round "5.2"]
[White "Djokic, Vladan"]
[Black "Djordjevic, Nebojsa"]
[Result "1/2-1/2"]
[WhiteElo "2304"]
[BlackElo "2265"]
[PlyCount "92"]
[EventDate "2006.09.09"]

1. e4 d6 2. d4 Nf6 3. Nc3 g6 4. f3 Bg7 5. Be3 O-O 6. Bc4 c6 7. Nge2 d5 8. exd5
Nxd5 9. Nxd5 cxd5 10. Bb3 Nc6 11. O-O Na5 12. Qd2 Nxb3 13. axb3 Bd7 14. Bh6 Bb5
15. Bxg7 Kxg7 16. Rfe1 Bxe2 17. Qxe2 e6 18. Qe5+ Kg8 19. b4 a6 20. c3 Rc8 21.
f4 Qc7 22. Qxc7 Rxc7 23. Ra5 Rd8 24. g4 Kg7 25. Rea1 Kf6 26. Kf2 Rd6 27. Ke3
Rb6 28. Rc5 Rcc6 29. Raa5 Ke7 30. Rxc6 Rxc6 31. h4 f6 32. g5 b5 33. Ra1 f5 34.
h5 Kf7 35. h6 Ke7 36. Kd3 Kd7 37. b3 Kc7 38. c4 Rb6 39. Ra2 Kb8 40. cxd5 exd5
41. Re2 Rb7 42. Re6 Rd7 43. Rxa6 Kb7 44. Ra5 Kb6 45. Ra8 Kb7 46. Rg8 Kc7
1/2-1/2

[Event "Druga liga CS - istok"]
[Site "Blace"]
[Date "2006.10.07"]
[Round "5.2"]
[White "Milutinovic, Zoran"]
[Black "Keca, Dragomir"]
[Result "1/2-1/2"]
[WhiteElo "2174"]
[BlackElo "2221"]
[PlyCount "20"]
[EventDate "2006.09.09"]

1. d4 d5 2. Nf3 c6 3. c4 Nf6 4. cxd5 cxd5 5. Nc3 Nc6 6. Bf4 Bf5 7. e3 e6 8. Bd3
Bxd3 9. Qxd3 Bd6 10. Bxd6 Qxd6 1/2-1/2

[Event "Druga liga CS - istok"]
[Site "Blace"]
[Date "2006.10.07"]
[Round "5.2"]
[White "Zivkovic, Branimir"]
[Black "Jovanovic, Dragan"]
[Result "1-0"]
[WhiteElo "2190"]
[BlackElo "2133"]
[PlyCount "81"]
[EventDate "2006.09.09"]

1. e4 e5 2. d4 exd4 3. Qxd4 Nc6 4. Qe3 Bb4+ 5. Nc3 d6 6. Bd2 Bd7 7. O-O-O Nf6
8. f3 Qe7 9. g4 h6 10. Nh3 O-O-O 11. Nf4 Kb8 12. Nfd5 Nxd5 13. Nxd5 Bxd2+ 14.
Rxd2 Qg5 15. Qb3 Rhe8 16. h4 Qe5 17. Ba6 Bc8 18. Rhd1 Ne7 19. Nb4 Ka8 20. Bc4
Be6 21. Bxe6 fxe6 22. Nd3 Qf6 23. Nc5 b6 24. Nxe6 Rc8 25. h5 Nc6 26. Qd5 Rxe6
27. Qxc6+ Kb8 28. Rd3 Re5 29. Kb1 Rc5 30. Qa4 Kb7 31. a3 Rf8 32. Qb3 Qe5 33.
Rd5 Rxd5 34. Rxd5 Qg3 35. Rd3 Kb8 36. Rc3 Qe1+ 37. Ka2 Qf1 38. Qe6 Rxf3 39.
Qe8+ Kb7 40. Qc6+ Ka6 41. Rc4 1-0

[Event "Druga liga CS - istok"]
[Site "Prokuplje"]
[Date "2006.10.07"]
[Round "5.3"]
[White "Djukic, Zeljko"]
[Black "Lukic, Igor"]
[Result "1/2-1/2"]
[WhiteElo "2409"]
[BlackElo "2087"]
[PlyCount "77"]
[EventDate "2006.09.09"]

1. d4 Nf6 2. c4 e6 3. Nc3 Bb4 4. Bg5 h6 5. Bh4 c5 6. d5 d6 7. f3 g5 8. Bg3 e5
9. e4 Nbd7 10. Qd2 Nf8 11. Bf2 Ng6 12. h3 Bd7 13. Nge2 a6 14. a3 Qa5 15. Rb1
Bxc3 16. Qxc3 Qxc3+ 17. Nxc3 Kd8 18. b4 b6 19. Be3 Kc7 20. Kf2 Nh7 21. Bd3 Rhf8
22. g3 h5 23. Bc2 f6 24. Rb2 h4 25. g4 Rfb8 26. Kg2 Nhf8 27. Rhb1 Be8 28. Kh2
Bd7 29. a4 a5 30. bxc5 bxc5 31. Nb5+ Bxb5 32. Rxb5 Rxb5 33. Rxb5 Rb8 34. Rxb8
Kxb8 35. Bd2 Nd7 36. Bxa5 Kb7 37. Bd2 Nf4 38. a5 Nb8 39. Ba4 1/2-1/2

[Event "Druga liga CS - istok"]
[Site "Prokuplje"]
[Date "2006.10.07"]
[Round "5.3"]
[White "Petrovic, Dragan"]
[Black "Petkovic, Dragoslav"]
[Result "0-1"]
[WhiteElo "2102"]
[BlackElo "2305"]
[PlyCount "80"]
[EventDate "2006.09.09"]

1. d4 d6 2. c4 e5 3. dxe5 dxe5 4. Qxd8+ Kxd8 5. Nc3 c6 6. Nf3 f6 7. Bd2 Be6 8.
b3 Nd7 9. g3 Nh6 10. Bg2 Nf7 11. O-O Kc7 12. h4 h6 13. Rac1 Rd8 14. Nd5+ Kb8
15. Ne3 Nc5 16. Bc3 Na6 17. h5 Ba3 18. Ra1 Rd7 19. Nc2 Be7 20. Nh4 Bg4 21. Bf3
Bxf3 22. Nxf3 Nc5 23. Rfd1 Rhd8 24. Rxd7 Rxd7 25. Ne3 Ne4 26. Be1 Bc5 27. Nf5
Nd8 28. b4 Bb6 29. c5 Bc7 30. N3h4 Ne6 31. f3 N4g5 32. Kf1 b6 33. Rc1 Nd8 34.
Ng2 Nge6 35. Nge3 Nd4 36. Nxd4 Rxd4 37. Nf5 Rd7 38. a4 bxc5 39. bxc5 Ne6 40. e3
Kb7 0-1

[Event "Druga liga CS - istok"]
[Site "Prokuplje"]
[Date "2006.10.07"]
[Round "5.3"]
[White "Zivkovic, Nemanja"]
[Black "Djukic, Stevan"]
[Result "0-1"]
[WhiteElo "2127"]
[BlackElo "2181"]
[PlyCount "62"]
[EventDate "2006.09.09"]

1. e4 c5 2. Nf3 Nc6 3. d4 cxd4 4. Nxd4 Qc7 5. Nc3 e6 6. a3 a6 7. Be3 Nf6 8. Be2
Ne5 9. O-O b5 10. f4 Nc4 11. Bxc4 Qxc4 12. e5 Nd5 13. Nxd5 Qxd5 14. Qg4 h5 15.
Qg5 Rh6 16. f5 Bb7 17. Rf2 Rh7 18. fxe6 dxe6 19. Nf3 Qe4 20. Bb6 Be7 21. Qd2 h4
22. Rd1 Qc6 23. Qd4 h3 24. g3 Rh5 25. Rd3 f5 26. b3 Rc8 27. c4 bxc4 28. bxc4 g5
29. g4 Rh4 30. Qd7+ Qxd7 31. Rxd7 Rxg4+ 0-1

[Event "Druga liga CS - istok"]
[Site "Bor"]
[Date "2006.10.07"]
[Round "5.4"]
[White "Djokic, Nebojsa"]
[Black "Stevanovic, Sladjan"]
[Result "1/2-1/2"]
[WhiteElo "2256"]
[BlackElo "2253"]
[PlyCount "82"]
[EventDate "2006.09.09"]

1. e4 g6 2. d4 Bg7 3. c4 d6 4. Be3 c5 5. Nc3 cxd4 6. Bxd4 Nf6 7. Nd5 O-O 8.
Nxf6+ exf6 9. Bd3 Nc6 10. Bc3 f5 11. Bxg7 Kxg7 12. exf5 Ne5 13. Ne2 Qa5+ 14.
Nc3 Nxd3+ 15. Qxd3 Re8+ 16. Kd2 Bxf5 17. Qd4+ Kg8 18. Rae1 Qb4 19. Rxe8+ Rxe8
20. Kc1 Rc8 21. Re1 b5 22. Re7 Qxc4 23. Qxc4 Rxc4 24. a3 d5 25. Kd2 b4 26. axb4
Rxb4 27. Rxa7 Rxb2+ 28. Ke1 d4 29. Nd1 Rc2 30. Ra8+ Kg7 31. Rd8 d3 32. Ne3 Rc1+
33. Kd2 Rg1 34. Nxf5+ gxf5 35. g3 Rg2 36. Ke3 Rxh2 37. Rxd3 Rh1 38. Kf4 Kg6 39.
Rd6+ f6 40. Rd8 Ra1 41. Rg8+ Kf7 1/2-1/2

[Event "Druga liga CS - istok"]
[Site "Bor"]
[Date "2006.10.07"]
[Round "5.4"]
[White "Stojanovic, Ivan"]
[Black "Garic, Radomir"]
[Result "0-1"]
[WhiteElo "2234"]
[BlackElo "2210"]
[PlyCount "76"]
[EventDate "2006.09.09"]

1. e4 c5 2. Nf3 Nc6 3. d4 cxd4 4. Nxd4 Qc7 5. Nc3 e6 6. Be2 a6 7. O-O Nf6 8.
Be3 Bb4 9. Bf3 Ne5 10. Nce2 Bd6 11. Ng3 h5 12. Bg5 h4 13. Bxf6 gxf6 14. Nge2 b6
15. h3 Bb7 16. Nc3 Rg8 17. Kh1 Ke7 18. Qe2 Rg5 19. Rad1 Rag8 20. Rg1 Nc4 21.
Rb1 Qc5 22. Nf5+ Kf8 23. Nxd6 Nxd6 24. Rbd1 Bc6 25. b3 Qe5 26. Qd3 Nb7 27. Qd4
Qxd4 28. Rxd4 Rc5 29. Nd5 Rxc2 30. Nxf6 e5 31. Nxd7+ Bxd7 32. Rxd7 Nc5 33. Rd6
Rg6 34. Rgd1 Ke7 35. R6d2 Rxd2 36. Rxd2 Rc6 37. Kg1 Ne6 38. Bg4 Nd4 0-1

[Event "Druga liga CS - istok"]
[Site "Bor"]
[Date "2006.10.07"]
[Round "5.4"]
[White "Rajkovic, Ljubisa"]
[Black "Kolbert, Engelbert"]
[Result "0-1"]
[WhiteElo "2207"]
[BlackElo "2158"]
[PlyCount "128"]
[EventDate "2006.09.09"]

1. b3 Nf6 2. Bb2 d5 3. Nf3 c5 4. e3 Bg4 5. Be2 Nc6 6. O-O Bxf3 7. Bxf3 e5 8. d3
Bd6 9. Nd2 Qe7 10. e4 d4 11. Re1 h5 12. Nf1 g6 13. Bc1 Qe6 14. Bd2 O-O-O 15. a3
Rdg8 16. b4 g5 17. Ng3 g4 18. Be2 Ne7 19. Bf1 h4 20. Ne2 Nh5 21. Qc1 g3 22.
bxc5 Bxc5 23. Bb4 gxf2+ 24. Kxf2 Qf6+ 25. Kg1 Bb6 26. Bxe7 Qxe7 27. Kh1 Qf6 28.
Ng1 Qf2 29. Re2 Qf6 30. Nh3 Rg6 31. Rf2 Qg7 32. Rf3 Rg8 33. Qd2 Nf6 34. Ra2 Ng4
35. c3 Ne3 36. cxd4 exd4 37. Qf2 f6 38. Nf4 Rg4 39. Nd5 Nxd5 40. exd5 Rf8 41.
Rh3 Qg5 42. Qe2 Qg8 43. Rc2+ Kd7 44. Qf2 Qxd5 45. Rxh4 Rxh4 46. Qxh4 Qf5 47.
Kg1 Re8 48. Rf2 Qg5 49. Qxg5 fxg5 50. Rf5 Rg8 51. g4 Ke6 52. Bg2 Rg7 53. a4 Bd8
54. Bd5+ Kd6 55. Be4 Ke6 56. Kg2 b6 57. Bd5+ Kd6 58. Bc4 Kc7 59. a5 bxa5 60.
Rxa5 Kc6 61. Ra6+ Bb6 62. Kf3 Re7 63. Ra2 Re3+ 64. Kf2 Bc7 0-1

[Event "Druga liga CS - istok"]
[Site "Bor"]
[Date "2006.10.07"]
[Round "5.4"]
[White "Madjar, Stanislav"]
[Black "Stojanovic, Dusan"]
[Result "1-0"]
[WhiteElo "2182"]
[BlackElo "2189"]
[PlyCount "91"]
[EventDate "2006.09.09"]

1. c4 Nf6 2. Nc3 d5 3. d4 c6 4. cxd5 cxd5 5. Bf4 e6 6. e3 Be7 7. Nf3 O-O 8. Bd3
b6 9. O-O Bb7 10. Rc1 a6 11. Na4 Nc6 12. Ne5 Na5 13. Qe2 b5 14. Nc5 Bxc5 15.
Rxc5 Rc8 16. Rfc1 Rxc5 17. Rxc5 Ne4 18. Bxe4 dxe4 19. b4 f6 20. bxa5 fxe5 21.
Bxe5 Rf7 22. Qd2 h6 23. Qc3 Kh7 24. h3 Bd5 25. a3 Qh4 26. Bg3 Qh5 27. Qc2 Qg6
28. Rc8 Qf6 29. Rb8 Rb7 30. Rxb7 Bxb7 31. Qc7 Bd5 32. Be5 Qg5 33. Qa7 b4 34.
axb4 Bc4 35. Qb7 Qg6 36. Qe7 Bb5 37. h4 Kg8 38. Bd6 Qf7 39. Qd8+ Kh7 40. Qb6
Bd3 41. Qc5 Qf5 42. Be5 Qf7 43. Bg3 Qd7 44. Kh2 Bb5 45. f3 exf3 46. gxf3 1-0

[Event "Druga liga CS - istok"]
[Site "Jagodina"]
[Date "2006.10.07"]
[Round "5.5"]
[White "Vojinovic, Goran"]
[Black "Raicevic, Ivica"]
[Result "1-0"]
[WhiteElo "2461"]
[BlackElo "2307"]
[PlyCount "81"]
[EventDate "2006.09.09"]

1. e4 e6 2. d4 d5 3. Nd2 Nf6 4. e5 Nfd7 5. f4 c5 6. c3 Nc6 7. Ndf3 Nb6 8. Ne2
Bd7 9. g3 cxd4 10. Nexd4 Nxd4 11. Nxd4 Bc5 12. Bd3 f5 13. O-O Qe7 14. Qe2 Bxd4+
15. cxd4 Qb4 16. Be3 Nc4 17. Bf2 O-O 18. Be1 Qxb2 19. Rb1 Qxe2 20. Bxe2 b5 21.
Bb4 Rfc8 22. Rfc1 h6 23. Bc5 g5 24. g4 fxg4 25. fxg5 hxg5 26. Rb3 Nd2 27. Rg3
Nf3+ 28. Bxf3 gxf3 29. Rxg5+ Kh7 30. Kf2 Rg8 31. Rh5+ Kg6 32. Rh3 Rg7 33. Rxf3
Rh8 34. Rf6+ Kh5 35. Rc3 Rhh7 36. Rcf3 Rg4 37. Bxa7 Kg5 38. h3 Re4 39. Bc5 Rhh4
40. Be7 Kh5 41. Rf7 1-0

[Event "Druga liga CS - istok"]
[Site "Jagodina"]
[Date "2006.10.07"]
[Round "5.5"]
[White "Milenkovic, Mladen"]
[Black "Turudic, Nenad"]
[Result "1/2-1/2"]
[WhiteElo "2349"]
[BlackElo "2233"]
[PlyCount "67"]
[EventDate "2006.09.09"]

1. e4 e5 2. Nf3 Nc6 3. Bc4 Nf6 4. d3 Bc5 5. O-O d6 6. c3 O-O 7. b4 Bb6 8. a4 a6
9. Re1 Ne7 10. Nbd2 Ng6 11. Bb3 c6 12. d4 h6 13. Qc2 Nh5 14. dxe5 dxe5 15. c4
Qf6 16. c5 Bc7 17. Bc4 Nhf4 18. Ra3 Bg4 19. Bf1 Rad8 20. h3 Bc8 21. Nc4 Nh4 22.
Kh2 Nhg6 23. g3 Ne6 24. Bb2 Rfe8 25. Qc1 Nd4 26. Nxd4 exd4 27. f4 h5 28. e5 Qf5
29. h4 Qe6 30. Re2 d3 31. Re3 d2 32. Nxd2 Ne7 33. Ne4 Nd5 34. Ng5 1/2-1/2

[Event "Druga liga CS - istok"]
[Site "Jagodina"]
[Date "2006.10.07"]
[Round "5.5"]
[White "Milosevic, Aleksandar"]
[Black "Vasic, Milena"]
[Result "1-0"]
[WhiteElo "2255"]
[BlackElo "2190"]
[PlyCount "83"]
[EventDate "2006.09.09"]

1. Nf3 d5 2. b3 Nf6 3. Bb2 Bg4 4. e3 e6 5. h3 Bxf3 6. Qxf3 Nbd7 7. g4 h6 8. Bg2
Bd6 9. Qe2 c6 10. d3 Qe7 11. a3 O-O-O 12. Nd2 Kb8 13. c4 e5 14. b4 Bc7 15. Rb1
Rhe8 16. Ba1 dxc4 17. Nxc4 Nb6 18. Nxb6 Bxb6 19. O-O Nd5 20. Rb3 h5 21. Rfb1
hxg4 22. Qxg4 g6 23. a4 a6 24. Qc4 Qd6 25. d4 e4 26. Bb2 Qe6 27. Qe2 Nf4 28.
Qc2 Nxh3+ 29. Kf1 Rd5 30. Ke1 Qg4 31. Bxh3 Qxh3 32. Qe2 Qh1+ 33. Qf1 Rh8 34.
Kd2 Qf3 35. Qe2 Rf5 36. Rf1 Rh2 37. Qxf3 Rxf3 38. Ke2 g5 39. d5 Bc7 40. dxc6
bxc6 41. b5 axb5 42. Bc3 1-0

[Event "Druga liga CS - istok"]
[Site "Jagodina"]
[Date "2006.10.07"]
[Round "5.5"]
[White "Nikolic, Zeljko"]
[Black "Vojinovic, Jovana"]
[Result "0-1"]
[WhiteElo "2245"]
[BlackElo "2132"]
[PlyCount "92"]
[EventDate "2006.09.09"]

1. e4 e6 2. d4 d5 3. exd5 exd5 4. c4 Bb4+ 5. Nc3 Nf6 6. Bd3 dxc4 7. Bxc4 O-O 8.
Nge2 Bf5 9. O-O Nc6 10. Bg5 h6 11. Bh4 Be7 12. Re1 a6 13. a4 Qd7 14. Qd2 Rad8
15. Rad1 Ne4 16. Nxe4 Bxh4 17. Nc5 Qc8 18. Qf4 Bg5 19. Qg3 Bc2 20. Ra1 Bd2 21.
Rf1 Nxd4 22. Nc3 Nf5 23. Qf3 Nd6 24. Bd3 Bxd3 25. Qxd3 Bxc3 26. bxc3 a5 27.
Rfe1 b6 28. Nb3 Rfe8 29. h3 Qd7 30. Rxe8+ Rxe8 31. Nd4 Nb7 32. Qf3 Nc5 33. Nf5
Re5 34. g4 Kh7 35. Rd1 Qxa4 36. Rd4 Qe8 37. h4 g6 38. Ne3 Qe6 39. Rd8 c6 40. g5
h5 41. Ra8 Kg7 42. Kh2 Re4 43. Kg2 Rxh4 44. Qg3 Qe4+ 45. Kf1 Qf4 46. Qg2 Ne4
0-1

[Event "Druga liga CS - istok"]
[Site "Nis"]
[Date "2006.10.07"]
[Round "5.6"]
[White "Mitrovic, Darko"]
[Black "Radosavljevic, Slobodan"]
[Result "0-1"]
[WhiteElo "2329"]
[BlackElo "2254"]
[PlyCount "55"]
[EventDate "2006.09.09"]

1. e4 c5 2. Nf3 g6 3. d4 cxd4 4. Nxd4 Bg7 5. c4 Nc6 6. Be3 Nf6 7. Nc3 O-O 8.
Be2 d6 9. O-O Bd7 10. Nxc6 Bxc6 11. f3 Nd7 12. Qd2 a5 13. Rac1 Nc5 14. Rfd1 Qb6
15. Kh1 Rfc8 16. Bf1 Qb4 17. Rc2 Rc7 18. Rdc1 Rac8 19. Qf2 Na4 20. Nd1 Nc5 21.
Nc3 Na4 22. Nxa4 Bxa4 23. Bd2 Qc5 24. Qxc5 Rxc5 25. b3 Bd7 26. Be3 R5c6 27. a4
Be6 28. Bd3 0-1

[Event "Druga liga CS - istok"]
[Site "Nis"]
[Date "2006.10.07"]
[Round "5.6"]
[White "Markovic, Milan"]
[Black "Zivic, Dragan"]
[Result "0-1"]
[WhiteElo "2323"]
[BlackElo "2294"]
[PlyCount "72"]
[EventDate "2006.09.09"]

1. e4 c5 2. Nf3 e6 3. d4 cxd4 4. c3 dxc3 5. Nxc3 Nc6 6. Bc4 Qc7 7. O-O Nf6 8.
Nb5 Qb8 9. e5 Ng4 10. Bf4 f6 11. Nd6+ Bxd6 12. exd6 O-O 13. Rc1 Nce5 14. Nxe5
fxe5 15. Bg3 Nf6 16. Bxe5 b5 17. Bd3 Bb7 18. Rc7 Bc6 19. Qc2 Rf7 20. Bxf6 gxf6
21. Be4 Bxe4 22. Qxe4 Qf8 23. Qb7 Rd8 24. Rd1 Qh6 25. Qxb5 Rg7 26. Rxa7 Qf4 27.
Qd3 Rb8 28. b3 Qg4 29. g3 h5 30. Ra4 Qg5 31. Qe3 Qf5 32. Rf4 Qc2 33. Rd2 Qg6
34. Qf3 f5 35. Rh4 Qg5 36. Qe3 Qxh4 0-1

[Event "Druga liga CS - istok"]
[Site "Nis"]
[Date "2006.10.07"]
[Round "5.6"]
[White "Savic, Goran"]
[Black "Popovic, Djordje"]
[Result "1-0"]
[WhiteElo "2116"]
[BlackElo "2312"]
[PlyCount "77"]
[EventDate "2006.09.09"]

1. e4 c5 2. Nf3 d6 3. d4 cxd4 4. Nxd4 Nf6 5. Nc3 a6 6. Bg5 e6 7. Qd2 Nbd7 8. f3
Qc7 9. O-O-O Be7 10. h4 b5 11. g4 Bb7 12. h5 h6 13. Be3 Nc5 14. Rg1 b4 15. Nb1
Rc8 16. Nb3 Na4 17. Bd3 d5 18. e5 Qxe5 19. Bd4 Qc7 20. Rde1 Nd7 21. g5 hxg5 22.
Bxg7 Rxh5 23. Rxe6 fxe6 24. Bg6+ Kd8 25. Bxh5 Ne5 26. Nd4 Kd7 27. Bxe5 Qxe5 28.
Re1 Qg3 29. Bg4 Bf6 30. Bxe6+ Kd8 31. Bxc8 Kxc8 32. c3 bxc3 33. Nxc3 Nc5 34.
Rd1 Be5 35. Nce2 Qh4 36. Qc2 Bxd4 37. Nxd4 Qf4+ 38. Kb1 Qc7 39. Rc1 1-0

[Event "Druga liga CS - istok"]
[Site "Nis"]
[Date "2006.10.07"]
[Round "5.6"]
[White "Komnenic, Branko"]
[Black "Jovanovic, Milan"]
[Result "1-0"]
[WhiteElo "2238"]
[BlackElo "2009"]
[PlyCount "87"]
[EventDate "2006.09.09"]

1. d4 Nf6 2. c4 g6 3. Nc3 Bg7 4. e4 d6 5. Nf3 O-O 6. Be2 e5 7. O-O Nc6 8. d5
Ne7 9. Ne1 Nd7 10. Nd3 f5 11. f3 f4 12. g4 g5 13. Bd2 Rf7 14. b4 Ng6 15. c5 Bf8
16. c6 Nf6 17. cxb7 Bxb7 18. b5 h5 19. h3 Rh7 20. Be1 Qd7 21. Kg2 Qg7 22. Bf2
Be7 23. Rg1 hxg4 24. hxg4 Nh4+ 25. Kf1 Qf7 26. Ke1 a6 27. a4 Kg7 28. Nb4 a5 29.
Nc6 Nd7 30. Nb1 Bxc6 31. bxc6 Nc5 32. Na3 Ng6 33. Nc4 Rh2 34. Rb1 Kf6 35. Rb5
Qh7 36. Bxc5 dxc5 37. Kd2 Qh4 38. Rf1 Qh3 39. Kc1 Qg2 40. Rb2 Qh3 41. d6 Bd8
42. Rb7 Qh7 43. Nb6 Rb8 44. Nd5+ 1-0

[Event "Druga liga CS - istok"]
[Site "Nis"]
[Date "2006.10.07"]
[Round "5.6"]
[White "Djordjevic, Zoran"]
[Black "Filipovic, Slobodan"]
[Result "0-1"]
[WhiteElo "2088"]
[BlackElo "2231"]
[PlyCount "70"]
[EventDate "2006.09.09"]

1. d4 Nf6 2. c4 g6 3. Nc3 d5 4. cxd5 Nxd5 5. e4 Nxc3 6. bxc3 Bg7 7. Be3 O-O 8.
Qd2 c5 9. Rb1 Qc7 10. Nf3 Nc6 11. d5 Ne5 12. Nxe5 Qxe5 13. Rb3 Qxe4 14. f3 Qe5
15. Kf2 Rd8 16. Bc4 b6 17. Bf4 Qf5 18. g4 Qf6 19. Qe3 h6 20. Kg2 g5 21. Bg3 Bb7
22. Rd1 e6 23. d6 Bc6 24. Rd3 Rd7 25. Bb5 Bxb5 26. Rxb5 e5 27. Rd5 Qe6 28. Qe4
Rad8 29. Bxe5 Bxe5 30. Rxe5 Qxa2+ 31. Kg3 Rxd6 32. Rb1 Re6 33. Re1 Rd2 34. Rg1
Rxh2 35. Rxe6 Qf2# 0-1